Engineering fundamentals : An introduction to engineering

Сохранить в:
Библиографические подробности
Главный автор:  Moaveni, Saeed
Формат: Sách
Язык:Undetermined
Опубликовано:  Cengage Learning  2016
Предметы:
Метки: Добавить метку
Нет меток, Требуется 1-ая метка записи!
Thư viện lưu trữ: Trung tâm Thư viện - Trường Đại học Công nghiệp TP. Hồ Chí Minh
LEADER 00493nam a2200157Ia 4500
001 UIH_02683
008 231011s9999 xx 000 0 und d
082 |a  620 
100 |a  Moaveni, Saeed 
245 0 |a  Engineering fundamentals : An introduction to engineering 
245 0 |c  Moaveni, Saeed 
260 |b  Cengage Learning 
260 |c  2016 
650 |a  Kỹ thuật;  
927 |a Sách 
980 |a Trung tâm Thư viện - Trường Đại học Công nghiệp TP. Hồ Chí Minh